Springfield or Not? - Statistics

General Stats
  • This quiz has been taken 14 times
  • The average score is 31 of 50
Answer Stats
Hint Explanation Answer % Correct
Minnesota City in Brown County, pop. 2,152 Springfield!!!!!!
92%
Pennsylvania Townships in Bradford, Bucks, Delaware, Erie, Fayette, Huntingdon, Mercer, Montgomery, and York Counties Springfield!!!!!!
92%
Tennessee City in and county seat of Robertson County, pop. 18,782 Springfield!!!!!!
92%
Indiana Unincorporated communities in LaPorte and Posey Counties Springfield!!!!!!
85%
Kentucky City in and county seat of Washington County, pop. 2,846 Springfield!!!!!!
85%
Ohio City in and county seat of Clark County, pop. 58,662, also townships in Clark, Gallia, Hamilton, Jefferson, Lucas, Mahoning, Muskingum, Richland, Ross, Summit, and Williams Counties Springfield!!!!!!
85%
Virginia CDP in Fairfax County, pop. 31,339, also unincorporated communities in Albemarle, Page, and Westmoreland Counties Springfield!!!!!!
85%
Wisconsin Town in Dane County, pop. 2,929, also a town in Jackson County, pop. 693, also a town in Marquette County, pop. 811, also a town in St. Croix County, pop. 808, also a CDP in Walworth County, pop. 168 Springfield!!!!!!
85%
Alaska No Springfield :(
77%
Hawaii No Springfield :(
77%
Montana No Springfield :(
77%
Nevada No Springfield :(
77%
Georgia City in and county seat of Effingham County, pop. 2,703 Springfield!!!!!!
77%
Illinois City in and county seat of Sangamon County, pop. 114,394, also the state capital Springfield!!!!!!
77%
Massachusetts City in and county seat of Hampden County, pop. 115,929, also the first Springfield settled in the US Springfield!!!!!!
77%
Missouri City in and county seat of Greene County, pop. 169,176, the most populous Springfield in the US Springfield!!!!!!
77%
New Hampshire Town in Sullivan County, pop. 1,259 Springfield!!!!!!
77%
South Carolina Town in Orangeburg County, pop. 524 Springfield!!!!!!
77%
West Virginia CDP in Hampshire County, pop. 477 Springfield!!!!!!
77%
Arkansas CDP in Conway County, pop. 223 Springfield!!!!!!
69%
California Unincorporated community in Tuolumne County Springfield!!!!!!
69%
Colorado Town in and county seat of Baca County, pop. 1,325 Springfield!!!!!!
69%
New York Town in Otsego County, pop. 1,358 Springfield!!!!!!
69%
Texas Unincorporated community in Jim Wells County Springfield!!!!!!
69%
North Dakota No Springfield :(
62%
Rhode Island No Springfield :(
62%
Wyoming No Springfield :(
62%
Maine Town in Penobscot County, pop. 293 Springfield!!!!!!
62%
Michigan City in Calhoun County, pop. 5,292, also a township in Oakland County, pop. 13,940 Springfield!!!!!!
62%
New Jersey CDP in Union County, pop. 1,518, also the township the CDP is within, pop. 17,178, also a township in Burlington County, pop. 3,245 Springfield!!!!!!
62%
Oregon City in Lane County, pop. 61,851 Springfield!!!!!!
62%
Arizona No Springfield :(
54%
Delaware No Springfield :(
54%
Mississippi No Springfield :(
54%
New Mexico No Springfield :(
54%
Florida City in Bay County, pop. 8,075 Springfield!!!!!!
54%
Idaho Unincorporated community in Bingham County Springfield!!!!!!
54%
Vermont Town in Windsor County, pop. 9,062 Springfield!!!!!!
54%
Washington No Springfield :(
46%
Louisiana Town in Livingston Parish, pop. 487 Springfield!!!!!!
46%
Nebraska City in Sarpy County, pop. 1,501 Springfield!!!!!!
46%
Alabama No Springfield :(
38%
Maryland No Springfield :(
38%
Oklahoma No Springfield :(
38%
South Dakota City in Bon Homme County, pop. 1,914 Springfield!!!!!!
38%
Connecticut No Springfield :(
31%
Utah No Springfield :(
23%
North Carolina No Springfield :(
15%
Iowa No Springfield :(
8%
Kansas No Springfield :(
8%
No matching quizzes found
Score Distribution
Percent of People with Each Score
Percentile by Number Answered
Your Score History
You have not taken this quiz